000 00588nam a2200193Ia 4500
003 OSt
005 20260110091616.0
008 210210b1959 xxu||||| |||| 00| 0 eng d
040 _cAL
041 _aKannada
082 _a859/1134
100 _aBARGES PERI
_9146309
_dಬಾರ್ಜಸ್ ಪೆರಿ
245 _aNarakadalli svarga
_bನರಕದಲ್ಲಿ ಸ್ವರ್ಗ
260 _aBengaluru
_bVahini Prakashana
_c1959
690 _aKannada Fiction
_9146310
700 _akrashnaraya Na:
_dಕೃಷ್ಣರಾಯ (ನಾ)
_9250946
906 _a021879
942 _2ddc
_cBK
999 _c145985
_d145985